[Event "Lansing (MI Op/1b/14)"]
[Site "?"]
[Date "1997.??.??"]
[Round "?"]
[White "Walker, Douglas"]
[Black "Steen, Harold"]
[Result "1-0"]
[WhiteElo "1950"]
[BlackElo "1775"]
[PlyCount "77"]
[EventDate "1997.??.??"]

1. d4 Nf6 2. c4 g6 3. Nc3 Bg7 4. e4 d6 5. Nf3 O-O 6. Be2 e5 7. O-O exd4 8. Nxd4
c6 9. Bf4 Na6 10. Nb3 Re8 11. Bf3 Bf8 12. Bg5 Bg7 13. Qd2 Be6 14. Qe2 Qc7 15.
Rac1 Nd7 16. Nd5 Bxd5 17. cxd5 Nac5 18. Nxc5 Nxc5 19. b4 Nd7 20. dxc6 bxc6 21.
Qc2 Ne5 22. Be2 a6 23. Bf4 Rec8 24. Bxe5 Bxe5 25. Bg4 Rcb8 26. Qc4 Rb6 27. Rc2
Rab8 28. a3 Qe7 29. f4 Bg7 30. f5 Qe5 31. Kh1 d5 32. exd5 cxd5 33. Qd3 d4 34.
Rc5 Qe3 35. Qc4 d3 36. fxg6 Rxg6 37. Qxf7+ Kh8 38. Qd7 d2 39. Rc8+ 1-0

[Event "Lansing (MI Op/7/14)"]
[Site "?"]
[Date "1997.??.??"]
[Round "?"]
[White "Walker, Douglas"]
[Black "Marshall, Larry"]
[Result "1-0"]
[WhiteElo "1980"]
[BlackElo "1855"]
[PlyCount "129"]
[EventDate "1997.??.??"]

{7/(14)} 1. d4 d5 2. c4 e6 3. Nc3 c6 4. Nf3 Nf6 5. Bg5 Be7 6. Bxf6 Bxf6 7. e3
Nd7 8. Bd3 O-O 9. O-O dxc4 10. Bxc4 e5 11. Ne4 exd4 12. exd4 Nb6 13. Bd3 Nd5
14. Ne5 Nf4 15. Nxf6+ Qxf6 16. Qf3 Be6 17. Be4 Rad8 18. Rfd1 Rd6 19. Rd2 Rfd8
20. Rad1 Qg5 21. Kh1 f5 22. Qg3 Qh6 23. Bc2 Bd5 24. Bb3 Kf8 25. Bxd5 Rxd5 26.
Qa3+ Kg8 27. Qxa7 Ne6 28. Qxb7 Rxe5 29. dxe5 Rxd2 30. Qb8+ Kf7 31. Re1 Qf4 32.
Qb7+ Kg6 33. Qxc6 Qxe5 34. Qxe6+ Qxe6 35. Rxe6+ Kg5 36. Re1 Rxb2 37. Ra1 Rxf2
38. a4 Rb2 39. a5 Rb7 40. a6 Ra7 41. Kg1 Kf4 42. Kf2 g5 43. Ra4+ Ke5 44. Ra5+
Ke6 45. g3 h5 46. h4 gxh4 47. gxh4 Kf6 48. Kf3 Ke6 49. Ke3 Kf6 50. Kf4 Kg6 51.
Ke5 Re7+ 52. Kd6 Ra7 53. Kc6 Rf7 54. a7 Rxa7 55. Rxa7 f4 56. Ra5 f3 57. Kd6 Kf6
58. Ra3 Kf5 59. Rxf3+ Kg4 60. Rf6 Kxh4 61. Rg6 Kh3 62. Ke5 h4 63. Kf4 Kh2 64.
Kf3 h3 65. Rh6 1-0

[Event "Lansing (MI Op/3/19)"]
[Site "?"]
[Date "1997.??.??"]
[Round "?"]
[White "Walker, Douglas"]
[Black "June, Brian"]
[Result "1-0"]
[WhiteElo "1980"]
[BlackElo "1800"]
[PlyCount "63"]
[EventDate "1997.??.??"]

{3/(19)} 1. d4 d5 2. c4 e6 3. Nc3 Nf6 4. Bg5 c6 5. e3 Nbd7 6. Nf3 Qa5 7. Nd2
Bb4 8. Qc2 O-O 9. Be2 Re8 10. O-O dxc4 11. Bxf6 Nxf6 12. Nxc4 Qg5 13. Ne5 Bd6
14. f4 Qh6 15. Rf3 Bxe5 16. dxe5 Nd5 17. Rh3 Qg6 18. Bd3 Qg4 19. Bxh7+ Kf8 20.
Ne4 g6 21. Nf6 Nxf6 22. exf6 Qf5 23. Qc3 Rd8 24. e4 Qxf4 25. Qa3+ Rd6 26. Rd1
Qxf6 27. Qxd6+ Kg7 28. e5 Qf5 29. Rf1 Qg5 30. Qc7 Bd7 31. Qxd7 Rf8 32. Bxg6 1-0

[Event "Michigan Team"]
[Site "Ann Arbor, MI"]
[Date "1997.??.??"]
[Round "3.11"]
[White "Vukadinov, M."]
[Black "Czuhai, Kevin"]
[Result "1-0"]
[WhiteElo "2440"]
[BlackElo "2245"]
[PlyCount "74"]
[EventDate "1997.??.??"]

{3/1} 1. d4 Nf6 2. c4 g6 3. Nc3 Bg7 4. e4 O-O 5. f4 d6 6. Nf3 c5 7. dxc5 Qa5 8.
Bd3 dxc5 9. e5 Ng4 10. O-O f6 11. h3 Nh6 12. exf6 exf6 13. Nd5 Nc6 14. Bd2 Qd8
15. Re1 Bf5 16. Bc3 Qd6 17. Bxf5 Nxf5 18. g4 Nfd4 19. Nxd4 cxd4 20. Bxd4 Nxd4
21. Qxd4 f5 22. Qd3 Qc5+ 23. Kg2 Rad8 24. gxf5 gxf5 25. b4 Qd6 26. Rad1 Kh8 27.
Qf3 Qc6 28. Qd3 Rc8 29. Rc1 Rf7 30. b5 Qc5 31. Re2 Rg8 32. Kh2 Bd4 33. Rd1 Bg1+
34. Kh1 Rfg7 35. Qc3 h6 36. Qf6 Qxc4 37. Qxh6+ Rh7 1-0

[Event "Lansing (MOR/1a/21)"]
[Site "?"]
[Date "1997.??.??"]
[Round "?"]
[White "Vorhauer, Sam"]
[Black "Masek, Adam"]
[Result "1-0"]
[WhiteElo "1605"]
[BlackElo "1605"]
[PlyCount "125"]
[EventDate "1997.??.??"]

1. d4 f5 2. Nf3 Nf6 3. Bg5 e6 4. e3 Be7 5. c3 O-O 6. Bd3 d6 7. Nbd2 Nbd7 8. Qc2
h6 9. Bxf6 Nxf6 10. O-O-O d5 11. Ne5 Qe8 12. Nf1 c5 13. Be2 Nd7 14. f4 Nxe5 15.
dxe5 c4 16. g4 g6 17. gxf5 Rxf5 18. Bg4 Rf8 19. h4 h5 20. Bf3 g5 21. hxg5 Bxg5
22. Bxh5 Qe7 23. Qg6+ Qg7 24. Qxg5 Qxg5 25. fxg5 Rf5 26. Rg1 Rxe5 27. Rd4 b5
28. Rf4 a5 29. Bf7+ Kg7 30. g6 b4 31. Rh1 Rf5 32. Rh7+ Kf6 33. Ng3 e5 34. Rxf5+
Bxf5 35. Nxf5 Kxf5 36. g7 Ke4 37. g8=Q Rxg8 38. Bxg8 bxc3 39. bxc3 d4 40. exd4
exd4 41. Rh4+ Kd3 42. Rh3+ Ke4 43. Bxc4 dxc3 44. Rxc3 Kd4 45. Kc2 a4 46. a3 Kc5
47. Bf1+ Kd4 48. Kd2 Ke4 49. Rd3 Kf4 50. Re3 Kg4 51. Ke2 Kf4 52. Kf2 Kf5 53.
Kf3 Kg5 54. Re4 Kf5 55. Bb5 Kg5 56. Rf4 Kh5 57. Rg4 Kh6 58. Kf4 Kh5 59. Kf5 Kh6
60. Rg1 Kh7 61. Kf6 Kh8 62. Kf7 Kh7 63. Rh1# 1-0

[Event "Lansing (MOR/3/31)"]
[Site "?"]
[Date "1997.??.??"]
[Round "?"]
[White "Vorhauer, Sam"]
[Black "Hollinsworth, Galon"]
[Result "0-1"]
[WhiteElo "1605"]
[BlackElo "1605"]
[PlyCount "70"]
[EventDate "1997.??.??"]

{3/(31)} 1. d4 Nf6 2. Nf3 e6 3. Bg5 c5 4. e3 Be7 5. c3 Qb6 6. Qc2 h6 7. Bh4 d6
8. Be2 Qc6 9. Nbd2 b5 10. Bg3 c4 11. e4 Nh5 12. d5 Qb6 13. Nd4 Nxg3 14. hxg3 e5
15. N4f3 Nd7 16. b4 Nf6 17. Nh2 O-O 18. Ndf1 a5 19. Qd2 Nxe4 20. Qe3 Qxe3 21.
Nxe3 Nxc3 22. f3 axb4 23. Kf2 Bb7 24. Rhc1 Bg5 25. Rc2 Bxe3+ 26. Kxe3 Ra3 27.
Kd2 Rfa8 28. Ng4 Nxa2 29. Rb1 b3 30. Rcb2 c3+ 31. Ke1 cxb2 32. Rxb2 Nc3 33.
Nxe5 Nxe2 34. Kxe2 Ra2 35. Nd3 Rxb2+ 0-1

[Event "Lansing (MOR/6/35)"]
[Site "?"]
[Date "1997.??.??"]
[Round "?"]
[White "Vorhauer, Sam"]
[Black "Carpenter, O."]
[Result "0-1"]
[WhiteElo "1605"]
[BlackElo "1605"]
[PlyCount "100"]
[EventDate "1997.??.??"]

{6/(35)} 1. d4 Nf6 2. Nf3 g6 3. c3 Bg7 4. Bg5 h6 5. Bh4 O-O 6. e3 d6 7. Bd3
Nbd7 8. Nbd2 Qe8 9. Qb3 e5 10. dxe5 dxe5 11. e4 c6 12. O-O-O Nc5 13. Qc2 Nh5
14. Bg3 b5 15. Nb3 Nd7 16. Be2 f5 17. h3 f4 18. Bh2 a5 19. Rd6 a4 20. Na1 Bb7
21. Rhd1 Rd8 22. Nh4 Rf6 23. Rxf6 Ndxf6 24. Bxh5 Nxh5 25. g4 Rxd1+ 26. Qxd1 Nf6
27. f3 Kh7 28. Bg1 Qd7 29. Qd2 Qxd2+ 30. Kxd2 Bc8 31. Nc2 Bf8 32. Ng2 g5 33.
Nge1 c5 34. Nd3 Bd6 35. Nxc5 Ne8 36. Nb4 Bc7 37. a3 Nd6 38. Ncd3 Nc4+ 39. Kc2
Bb7 40. Nd5 Bd8 41. Bc5 Kg6 42. Bd6 Bxd5 43. Bc5 Be6 44. Nc1 Bb6 45. Bb4 Ne3+
46. Kd2 Bc4 47. Bd6 Kf6 48. Bf8 Kg6 49. Bd6 Be6 50. Bxe5 Nc4+ 0-1

[Event "Lansing (MOR/3/11)"]
[Site "?"]
[Date "1997.??.??"]
[Round "?"]
[White "Venia, Mike"]
[Black "Nicolli, Randy"]
[Result "1/2-1/2"]
[WhiteElo "1605"]
[BlackElo "1785"]
[PlyCount "77"]
[EventDate "1997.??.??"]

{3/(11)} 1. d4 f5 2. Nc3 d5 3. Bf4 e6 4. Nf3 Nf6 5. a3 c6 6. e3 Bd6 7. Bxd6
Qxd6 8. Ne5 O-O 9. Be2 Bd7 10. g4 fxg4 11. Bxg4 Nxg4 12. Qxg4 Be8 13. Rg1 Qe7
14. f4 Nd7 15. O-O-O Rf5 16. Qg3 Bh5 17. Rde1 Nxe5 18. dxe5 a6 19. e4 Rf7 20.
exd5 exd5 21. Ne2 Raf8 22. e6 Rf6 23. Qg5 Bg6 24. Nd4 Be4 25. Rxe4 dxe4 26. Nf5
Qc7 27. e7 Rg6 28. Nh6+ gxh6 29. exf8=Q+ Kxf8 30. Qf5+ Qf7 31. Qc5+ Qe7 32. Qe3
Rxg1+ 33. Qxg1 e3 34. Qe1 Qe4 35. Qb4+ Qxb4 36. axb4 Kf7 37. Kd1 Kf6 38. Ke2
Kf5 39. Kxe3 1/2-1/2

[Event "Lansing (MOR/1b/22)"]
[Site "?"]
[Date "1997.??.??"]
[Round "?"]
[White "Venia, Mike"]
[Black "Choate, Eric"]
[Result "1-0"]
[WhiteElo "1605"]
[BlackElo "1605"]
[PlyCount "57"]
[EventDate "1997.??.??"]

1. c4 e5 2. Nc3 Nf6 3. Nf3 Nc6 4. g3 Bc5 5. Bg2 d6 6. O-O O-O 7. d3 h6 8. a3 a5
9. Bd2 b6 10. Ne1 Bb7 11. Nc2 Ra7 12. Ne3 Nd4 13. Ned5 c6 14. Nxf6+ Qxf6 15. e3
Ne6 16. Ne4 Qf5 17. b4 axb4 18. axb4 Rxa1 19. Qxa1 Bxb4 20. Bxb4 c5 21. Nxd6
Qxd3 22. Rd1 Qb3 23. Bxb7 cxb4 24. Bd5 Nc7 25. Bxf7+ Rxf7 26. Nxf7 Kxf7 27.
Rd7+ Ke8 28. Rxc7 e4 29. Qa8# 1-0

[Event "Lansing (MOR/3/9)"]
[Site "?"]
[Date "1997.??.??"]
[Round "?"]
[White "Venia, A."]
[Black "King, Kenny"]
[Result "1/2-1/2"]
[WhiteElo "1605"]
[BlackElo "1645"]
[PlyCount "52"]
[EventDate "1997.??.??"]

{3/(9)} 1. d4 d5 2. e3 Nf6 3. Bd3 c5 4. c3 e6 5. f4 Nc6 6. Nf3 Bd6 7. O-O O-O
8. Nbd2 Rb8 9. Ne5 Qc7 10. Qf3 b5 11. g4 Rd8 12. g5 Ne8 13. Qg4 g6 14. h4 Ng7
15. Qh3 Nxe5 16. fxe5 Bf8 17. Be2 Qe7 18. Rf2 b4 19. Rg2 bxc3 20. bxc3 cxd4 21.
exd4 Qc7 22. h5 Nxh5 23. Bxh5 gxh5 24. Rh2 Bg7 25. Ba3 Bf8 26. Bxf8 Kxf8
1/2-1/2

[Event "Lansing (MOR/6/10)"]
[Site "?"]
[Date "1997.??.??"]
[Round "?"]
[White "Venia, A."]
[Black "King, Edwin"]
[Result "0-1"]
[WhiteElo "1605"]
[BlackElo "1635"]
[PlyCount "76"]
[EventDate "1997.??.??"]

{6/(10)} 1. d4 d5 2. e3 c5 3. c3 Nc6 4. Bd3 Nf6 5. f4 cxd4 6. exd4 g6 7. Nf3
Bg7 8. O-O O-O 9. Ne5 Qb6 10. Nxc6 bxc6 11. f5 c5 12. dxc5 Qxc5+ 13. Kh1 Bd7
14. fxg6 fxg6 15. Qe2 Ng4 16. h3 Rxf1+ 17. Qxf1 Nf2+ 18. Kh2 Be5+ 19. g3 Bxh3
20. Qg1 Ng4+ 21. Kh1 Qxg1+ 22. Kxg1 Bxg3 23. Bg5 Ne5 24. Be2 Rb8 25. b3 Rf8 26.
Be3 a5 27. Nd2 Bf4 28. Bxf4 Rxf4 29. Bf1 Bxf1 30. Rxf1 Rxf1+ 31. Kxf1 Kf8 32.
Kg2 Ke8 33. Kg3 g5 34. a3 a4 35. b4 Kd7 36. Kf2 Nc4 37. Nb1 h5 38. Kg3 e5 0-1

[Event "Lansing (MOR/1b/10)"]
[Site "?"]
[Date "1997.??.??"]
[Round "?"]
[White "Venia, A."]
[Black "Jointer, William"]
[Result "1-0"]
[WhiteElo "1605"]
[BlackElo "1640"]
[PlyCount "51"]
[EventDate "1997.??.??"]

1. e4 c5 2. f4 d6 3. Nf3 Nf6 4. Nc3 g6 5. Bc4 Be6 6. Bxe6 fxe6 7. d4 cxd4 8.
Nxd4 Qc8 9. O-O Bg7 10. f5 e5 11. Ne6 Kf7 12. fxg6+ hxg6 13. Ng5+ Kg8 14. Nd5
Nc6 15. Nxf6+ Bxf6 16. Qd5+ e6 17. Nxe6 Ne7 18. Qxd6 Kf7 19. Ng5+ Ke8 20. Qxf6
Qc5+ 21. Kh1 Kd7 22. Qe6+ Ke8 23. c3 Rd8 24. Nf7 Rf8 25. Bh6 Rxf7 26. Rxf7 1-0

[Event "Tecumseh (RVO/2/10)"]
[Site "?"]
[Date "1997.??.??"]
[Round "?"]
[White "Vasos, John"]
[Black "Walquist, Elaine"]
[Result "0-1"]
[WhiteElo "1605"]
[BlackElo "1745"]
[PlyCount "52"]
[EventDate "1997.??.??"]

{2/(10)} 1. e4 c5 2. Nc3 a6 3. g3 d6 4. d3 g6 5. Nf3 Bg7 6. Bg5 h6 7. Bd2 Nc6
8. a3 Nf6 9. Bg2 Rb8 10. O-O Be6 11. Qc1 Qd7 12. Ne2 Bh3 13. Nf4 Bxg2 14. Kxg2
e6 15. Bc3 e5 16. Ne2 h5 17. h3 Nd4 18. Nexd4 cxd4 19. Bb4 Bh6 20. Nd2 h4 21.
Qd1 Bxd2 22. Bxd2 hxg3 23. fxg3 Qxh3+ 24. Kf2 Ng4+ 25. Ke2 Qg2+ 26. Rf2 Qxf2#
0-1

[Event "Tecumseh (RVO/4/15)"]
[Site "?"]
[Date "1997.??.??"]
[Round "?"]
[White "Vasos, John"]
[Black "McNeil, Yaking"]
[Result "0-1"]
[WhiteElo "1605"]
[BlackElo "1605"]
[PlyCount "35"]
[EventDate "1997.??.??"]

{4/(15)} 1. e4 c5 2. d4 cxd4 3. Qxd4 Nc6 4. Qe3 Nf6 5. Nc3 d5 6. Bd3 d4 7. Qd2
dxc3 8. Qxc3 e5 9. Bd2 Bb4 10. Qc4 Be6 11. Qb5 Bxd2+ 12. Kxd2 Nxe4+ 13. Ke1 Nd6
14. Qa4 Qa5+ 15. Qxa5 Nxa5 16. b3 Bf5 17. Rd1 O-O 18. Nf3 {[Remainder of
scoresheet unavailable]} 0-1

[Event "Tecumseh (RVO/2/19)"]
[Site "?"]
[Date "1997.??.??"]
[Round "?"]
[White "Vasos, Brandon"]
[Black "Grant, Marco"]
[Result "0-1"]
[WhiteElo "1605"]
[BlackElo "1605"]
[PlyCount "44"]
[EventDate "1997.??.??"]

{2/(19)} 1. e4 c5 2. Nf3 Nc6 3. Nc3 e6 4. Bc4 a6 5. d3 Nge7 6. Bg5 f6 7. Bf4 d5
8. exd5 exd5 9. Bb3 Bg4 10. O-O Nd4 11. Re1 Bxf3 12. gxf3 g6 13. Nxd5 Nxb3 14.
cxb3 Qxd5 15. Be3 Kf7 16. Qe2 Nf5 17. Bf4 Nd4 18. Qe3 Nc2 19. Qc1 Nxa1 20. Qxa1
Qxd3 21. Qc1 Qxf3 22. Bg3 Qd3 {[Remainder of scoresheet illegible]} 0-1

[Event "Tecumseh (RVO/4/24)"]
[Site "?"]
[Date "1997.??.??"]
[Round "?"]
[White "Vasos, Brandon"]
[Black "Draper, M."]
[Result "0-1"]
[WhiteElo "1605"]
[BlackElo "1605"]
[PlyCount "90"]
[EventDate "1997.??.??"]

{4/(24)} 1. e4 e6 2. Nc3 d5 3. Bb5+ c6 4. Be2 Nf6 5. exd5 exd5 6. d4 Be7 7. Nf3
O-O 8. O-O Bg4 9. Bf4 Qb6 10. Na4 Qa5 11. Nc5 Bxc5 12. dxc5 Qxc5 13. h3 Bf5 14.
c3 Nbd7 15. Bh2 Nb6 16. Nd4 Bd7 17. Qd3 Qc4 18. Qxc4 Nxc4 19. b3 Nd2 20. Rfd1
Nde4 21. c4 Nc3 22. Rdc1 Nxe2+ 23. Nxe2 Ne4 24. cxd5 cxd5 25. Rd1 Bc6 26. f3
Nf6 27. Nf4 Rfd8 28. g4 d4 29. Kg2 Rd7 30. Nd3 Nd5 31. Rd2 Re8 32. Nc5 Ne3+ 33.
Kg3 Rd5 34. Ne4 Bb5 35. Rc1 Nf1+ 36. Rxf1 Bxf1 37. Kf4 d3 38. Nc3 Rd4+ 39. Kg3
Be2 40. Bg1 Rd7 41. Bxa7 Rde7 42. Bc5 Rc7 43. Ne4 Rxe4 44. fxe4 Rxc5 45. Kf2
Rc2 0-1

[Event "Lansing (MOR/5/32)"]
[Site "?"]
[Date "1997.??.??"]
[Round "?"]
[White "Vania, Mike"]
[Black "Ellis, Carl"]
[Result "1-0"]
[WhiteElo "1605"]
[BlackElo "1605"]
[PlyCount "80"]
[EventDate "1997.??.??"]

{5/(32)} 1. c4 e5 2. Nc3 c6 3. d4 exd4 4. Qxd4 Nf6 5. e4 c5 6. Qd1 Nc6 7. Nf3
g6 8. Be3 d6 9. Bd3 Bg4 10. h3 Bxf3 11. Qxf3 Ne5 12. Qe2 Nxd3+ 13. Qxd3 Bg7 14.
Rd1 O-O 15. O-O Re8 16. Qc2 Re6 17. Bf4 Nh5 18. Bh2 Qe7 19. Nd5 Qd7 20. f3 Nf6
21. Nf4 Re7 22. Nd3 b5 23. Nxc5 Qc6 24. Bxd6 Ree8 25. e5 Rxe5 26. cxb5 Rxc5 27.
Qxc5 Qb7 28. Qc6 Qb6+ 29. Qxb6 axb6 30. Bf4 Ne8 31. Be3 Bxb2 32. Bxb6 Rb8 33.
Bd4 Ba3 34. Rd3 Bd6 35. a4 Rd8 36. Rfd1 Ra8 37. Rb1 Rxa4 38. b6 Bb8 39. Ba1 Nd6
40. Be5 Nc4 1-0

[Event "Lansing (MI Op/1b/3)"]
[Site "?"]
[Date "1997.??.??"]
[Round "?"]
[White "Vandivier, Don"]
[Black "Zaremba, Andrei"]
[Result "0-1"]
[WhiteElo "1950"]
[BlackElo "2255"]
[PlyCount "46"]
[EventDate "1997.??.??"]

1. e4 c5 2. Nf3 d6 3. d4 cxd4 4. Nxd4 Nf6 5. Nc3 g6 6. Bc4 Bg7 7. Be3 O-O 8. f3
Nc6 9. Qd2 Bd7 10. h4 Rc8 11. Bb3 h5 12. Nxc6 bxc6 13. Bh6 Qa5 14. O-O-O c5 15.
Qg5 Bxh6 16. Qxh6 c4 17. Nd5 Rfe8 18. Qg5 Nxd5 19. Rxd5 Qb6 20. Qh6 cxb3 21.
Rxh5 Rxc2+ 22. Kb1 bxa2+ 23. Kxc2 Rc8+ 0-1

[Event "Lansing (MI Op/5/22)"]
[Site "?"]
[Date "1997.??.??"]
[Round "?"]
[White "Vandivier, Don"]
[Black "Martell, Raul"]
[Result "1-0"]
[WhiteElo "1950"]
[BlackElo "1840"]
[PlyCount "55"]
[EventDate "1997.??.??"]

{5/(22)} 1. e4 e5 2. Bc4 c6 3. Nf3 d5 4. exd5 cxd5 5. Bb5+ Nc6 6. Nxe5 Qf6 7.
O-O Bc5 8. d4 Bb6 9. Nxc6 bxc6 10. Re1+ Ne7 11. Bg5 Qxg5 12. Bxc6+ Kd8 13. Bxa8
Re8 14. Re5 Qf4 15. Bxd5 Bxd4 16. Re4 Qxf2+ 17. Kh1 Nxd5 18. Nc3 Rxe4 19. Nxe4
Qe3 20. Ng3 Kc7 21. c3 Bc5 22. Qxd5 Bb7 23. Qxf7+ Kb6 24. b4 Bd6 25. Qxg7 Be5
26. Qe7 Ka6 27. Qe6+ Kb5 28. a4# 1-0

[Event "Lansing (MI Op/7/18)"]
[Site "?"]
[Date "1997.??.??"]
[Round "?"]
[White "Vandivier, Don"]
[Black "Laumer, H."]
[Result "1/2-1/2"]
[WhiteElo "1950"]
[BlackElo "1785"]
[PlyCount "90"]
[EventDate "1997.??.??"]

{7/(18)} 1. e4 Nf6 2. Bc4 Nxe4 3. Bxf7+ Kxf7 4. Qh5+ g6 5. Qd5+ e6 6. Qxe4 Bg7
7. d4 Rf8 8. Nf3 Nc6 9. d5 Ne7 10. dxe6+ dxe6 11. Ng5+ Kg8 12. Nxe6 Bxe6 13.
Qxe6+ Kh8 14. O-O Nf5 15. Nc3 c6 16. Rd1 Qb6 17. Na4 Qa5 18. Nc3 Nd4 19. Qe4
Rfe8 20. Qd3 Rad8 21. Be3 Nf3+ 22. gxf3 Rxd3 23. Rxd3 Qb4 24. Rad1 Qxb2 25. Rd8
Rg8 26. Rxg8+ Kxg8 27. Rd8+ Kf7 28. Rd7+ Ke6 29. Rxg7 Qxc3 30. Rxb7 Qa1+ 31.
Kg2 Qxa2 32. Rxa7 Qxc2 33. Rxh7 c5 34. h4 c4 35. Rh6 Kf5 36. h5 gxh5 37. Rxh5+
Kg6 38. Rc5 Qd3 39. Kg3 c3 40. Kh3 c2 41. Kg2 Kf7 42. Kg1 Qd6 43. Rc3 Qg6+ 44.
Kf1 Qd6 45. Kg2 Qg6+ 1/2-1/2

[Event "Lansing (MI Op/3/13)"]
[Site "?"]
[Date "1997.??.??"]
[Round "?"]
[White "Vandivier, Don"]
[Black "Haluska, James"]
[Result "1/2-1/2"]
[WhiteElo "1950"]
[BlackElo "2080"]
[PlyCount "40"]
[EventDate "1997.??.??"]

{3/(13)} 1. e4 c5 2. Nf3 Nc6 3. d4 cxd4 4. Nxd4 Nf6 5. Nc3 d6 6. Bc4 e6 7. Bb3
Be7 8. Be3 O-O 9. O-O a6 10. f4 Nxd4 11. Bxd4 b5 12. e5 dxe5 13. fxe5 Nd7 14.
Rxf7 Rxf7 15. Bxe6 Nxe5 16. Bd5 Bf6 17. Bxe5 Qb6+ 18. Kh1 Be6 19. Bxa8 Bxe5 20.
Bd5 Bxc3 1/2-1/2

[Event "Kalamazoo (MI Am/5/33)"]
[Site "?"]
[Date "1997.??.??"]
[Round "?"]
[White "Vandenberg, J."]
[Black "Seppala, Travis"]
[Result "0-1"]
[WhiteElo "1605"]
[BlackElo "1605"]
[PlyCount "34"]
[EventDate "1997.??.??"]

{5/(33)} 1. e4 d5 2. e5 Nc6 3. Nf3 Bg4 4. Bb5 Qd7 5. O-O a6 6. Ba4 b5 7. Bb3
Qf5 8. Nh4 Qxe5 9. Nf3 Qd6 10. Nc3 Rb8 11. Nxd5 e6 12. Qe2 Nf6 13. d3 Nd4 14.
Qe5 Nxf3+ 15. gxf3 Qxe5 16. fxg4 Nxg4 17. Bg5 Qxh2# 0-1

[Event "Kalamazoo (MI Am/1/21)"]
[Site "?"]
[Date "1997.??.??"]
[Round "?"]
[White "Vandenberg, J."]
[Black "Martell, Raul"]
[Result "0-1"]
[WhiteElo "1605"]
[BlackElo "1665"]
[PlyCount "75"]
[EventDate "1997.??.??"]

{1/(21)} 1. e4 e5 2. Nf3 Nc6 3. Bc4 Bc5 4. Nc3 d6 5. h3 Be6 6. d3 h6 7. O-O Nf6
8. Nb5 a6 9. Bxe6 fxe6 10. Nc3 Qd7 11. Na4 Ba7 12. Bd2 Nd4 13. Be3 Qxa4 14. b3
Qd7 15. c3 Nxf3+ 16. Qxf3 Bxe3 17. Qxe3 O-O 18. d4 exd4 19. Qxd4 e5 20. Qc4+
Qf7 21. Qd3 Kh8 22. Qf3 Nh5 23. Qxf7 Rxf7 24. a4 g5 25. g4 Nf4 26. Kh2 Raf8 27.
Ra2 Ne6 28. c4 Nc5 29. Kg2 Nxe4 30. b4 Rf4 31. Re2 Nc3 32. Rc2 Nxa4 33. Kg3 b5
34. c5 dxc5 35. Rxc5 Rxb4 36. Rxe5 Rc8 37. Re6 Kg7 38. h4 {[Remainder
illegible]} 0-1

[Event "Kalamazoo (MI Am/3/38)"]
[Site "?"]
[Date "1997.??.??"]
[Round "?"]
[White "Vandenberg, J."]
[Black "Bagnall, C."]
[Result "0-1"]
[WhiteElo "1605"]
[BlackElo "1605"]
[PlyCount "71"]
[EventDate "1997.??.??"]

{3/(38)} 1. e4 d5 2. Nc3 Nf6 3. d3 d4 4. Nb5 e5 5. Nf3 Bg4 6. Be2 Nc6 7. c3 Bc5
8. cxd4 Nxd4 9. Nfxd4 Bb4+ 10. Nc3 exd4 11. Qa4+ c6 12. Qxb4 dxc3 13. Bg5 Bxe2
14. Kxe2 cxb2 15. Qxb2 O-O 16. e5 h6 17. Bxf6 gxf6 18. exf6 b5 19. Qe5 Re8 20.
Qxe8+ Qxe8+ 21. Kd2 Qe5 22. Rhe1 Qxf6 23. f3 Qf4+ 24. Re3 Qxh2 25. Rae1 Qxg2+
26. R1e2 Qg5 27. Ke1 Kf8 28. Re5 Qg3+ 29. Kf1 Qxf3+ 30. Ke1 Rd8 31. R2e3 Qh1+
32. Ke2 a5 33. Rf3 Qg2+ 34. Ke3 Rxd3+ 35. Kxd3 Qxf3+ 36. Re3 0-1

[Event "Lansing (MOR/7/34)"]
[Site "?"]
[Date "1997.??.??"]
[Round "?"]
[White "Van Den Abell, Tom"]
[Black "Vorhauer, Sam"]
[Result "0-1"]
[WhiteElo "1605"]
[BlackElo "1605"]
[PlyCount "56"]
[EventDate "1997.??.??"]

{7/(34)} 1. d4 d5 2. Nf3 Nf6 3. e3 c6 4. Bd3 Bg4 5. Nbd2 e6 6. h3 Bh5 7. O-O
Qc7 8. e4 dxe4 9. Nxe4 Nbd7 10. Re1 Bg6 11. c4 a6 12. Nxf6+ Nxf6 13. Ne5 Bxd3
14. Qxd3 Bd6 15. Bf4 h6 16. Qf3 Rc8 17. Rac1 Bxe5 18. Bxe5 Qe7 19. d5 cxd5 20.
cxd5 Rxc1 21. Rxc1 O-O 22. Rc7 Qb4 23. d6 Qe1+ 24. Kh2 Qxe5+ 25. g3 Qxd6 26.
Rxb7 Qd5 27. Qe3 Rc8 28. b3 Rc2 0-1

[Event "Kalamazoo (MI Am/3/36)"]
[Site "?"]
[Date "1997.??.??"]
[Round "?"]
[White "Van Den Abell, Tom"]
[Black "Stark, A."]
[Result "1-0"]
[WhiteElo "1605"]
[BlackElo "1605"]
[PlyCount "97"]
[EventDate "1997.??.??"]

{3/(36)} 1. d4 d5 2. Nf3 Nc6 3. e3 Nf6 4. Bd3 Bg4 5. Nbd2 e6 6. O-O Bb4 7. c3
O-O 8. e4 Ba5 9. Qc2 Bh5 10. e5 Ne4 11. Nxe4 dxe4 12. Bxe4 Bxf3 13. Bxh7+ Kh8
14. g3 g6 15. Bxg6 fxg6 16. Qxg6 Qe8 17. Qh6+ Kg8 18. Re1 Qh5 19. Qxe6+ Qf7 20.
Qxf7+ Rxf7 21. e6 Re7 22. Re3 Bd5 23. b4 Bb6 24. Ba3 Rxe6 25. Rxe6 Bxe6 26. h4
Bg4 27. Re1 a5 28. b5 Bxd4 29. cxd4 Nxd4 30. Re4 Nf3+ 31. Kg2 Bh5 32. Rf4 Rf8
33. Rxf8+ Kg7 34. Kf1 Nd2+ 35. Ke1 Nc4 36. Be7 Bf7 37. f4 Ne3 38. Ke2 Ng4 39.
f5 Nh6 40. g4 Nxg4 41. Kf3 Nf6 42. Rc8 Bh5+ 43. Kg3 Kf7 44. Ba3 Ne4+ 45. Kf4
Nf6 46. Rxc7+ Ke8 47. Kg5 Nd5 48. Rxb7 Be2 49. f6 1-0

[Event "Lansing (MOR/1a/16)"]
[Site "?"]
[Date "1997.??.??"]
[Round "?"]
[White "Van Den Abell, Tom"]
[Black "Scioly, Tony"]
[Result "0-1"]
[WhiteElo "1605"]
[BlackElo "1605"]
[PlyCount "46"]
[EventDate "1997.??.??"]

1. d4 Nf6 2. Nf3 e6 3. e3 d5 4. Bd3 c5 5. c3 Nc6 6. Nbd2 Bd6 7. O-O O-O 8. e4
e5 9. Re1 Re8 10. h3 cxd4 11. cxd4 Nxd4 12. exd5 Nxf3+ 13. Nxf3 e4 14. Bb5 Bd7
15. Nd4 Bxb5 16. Nxb5 Nxd5 17. Nd4 Qf6 18. Be3 Nxe3 19. Rxe3 Bc5 20. Rb3 Bxd4
21. Qe2 b6 22. Rd1 Rad8 23. a4 Qxf2+ 0-1

[Event "Kalamazoo (MI Am/1/18)"]
[Site "?"]
[Date "1997.??.??"]
[Round "?"]
[White "Van Den Abell, Tom"]
[Black "Libby, Dan"]
[Result "0-1"]
[WhiteElo "1605"]
[BlackElo "1705"]
[PlyCount "52"]
[EventDate "1997.??.??"]

{1/(18)} 1. d4 Nf6 2. Nf3 g6 3. e3 Bg7 4. Bd3 O-O 5. Nbd2 Re8 6. e4 c5 7. c3
cxd4 8. cxd4 Qa5 9. e5 Nd5 10. h4 Nf4 11. Bc2 Nxg2+ 12. Kf1 Nf4 13. Nc4 Qb5 14.
b3 Ne6 15. h5 d5 16. Rb1 dxc4 17. bxc4 Qxc4+ 18. Bd3 Qxa2 19. Rb2 Qd5 20. Be3
a6 21. Qc1 Qxf3 22. Rg1 Qxh5 23. Rc2 Nxd4 24. Rxc8 Qh3+ 25. Ke1 Rxc8 26. Kd2
Nf3+ 0-1

[Event "Lansing (MOR/3/49)"]
[Site "?"]
[Date "1997.??.??"]
[Round "?"]
[White "Van Den Abell, Tom"]
[Black "Hill, R."]
[Result "1-0"]
[WhiteElo "1605"]
[BlackElo "1605"]
[PlyCount "71"]
[EventDate "1997.??.??"]

{3/(49)} 1. d4 d5 2. Nf3 Nc6 3. e3 e6 4. Bd3 Bb4+ 5. c3 Bd6 6. Nbd2 e5 7. e4
Bg4 8. exd5 Nce7 9. h3 Bxf3 10. Nxf3 f6 11. Qc2 Nxd5 12. Bxh7 Nge7 13. O-O exd4
14. Re1 dxc3 15. Bg6+ Kf8 16. Be4 Nb4 17. Qxc3 c5 18. Bxb7 Rb8 19. Be4 Ned5 20.
Bxd5 Nxd5 21. Qc4 Nb6 22. Qe6 c4 23. Nd2 Rc8 24. Ne4 Rc6 25. Bf4 Qd7 26. Qxd7
Nxd7 27. Bxd6+ Kf7 28. Rad1 c3 29. Nxc3 Re8 30. Ne4 Rc2 31. Ba3 f5 32. Rxd7+
Re7 33. Rxe7+ Kf8 34. Rxa7+ Ke8 35. Nd6+ Kd8 36. Re8# 1-0

[Event "Lansing (MOR/5/37)"]
[Site "?"]
[Date "1997.??.??"]
[Round "?"]
[White "Van Den Abell, Tom"]
[Black "Aguilar, Javier"]
[Result "1-0"]
[WhiteElo "1605"]
[BlackElo "1605"]
[PlyCount "117"]
[EventDate "1997.??.??"]

{5/(37)} 1. d4 d5 2. Nf3 c6 3. e3 Nf6 4. Bd3 Bg4 5. Nbd2 e6 6. O-O Bd6 7. e4
dxe4 8. Nxe4 Nxe4 9. Bxe4 Nd7 10. Re1 Nf6 11. h3 Bh5 12. c4 O-O 13. c5 Nxe4 14.
Rxe4 Bxc5 15. Be3 Bg6 16. Bg5 Be7 17. Rg4 Bxg5 18. Nxg5 h6 19. Nf3 Qd5 20. Qb3
Qd7 21. Ne5 Qe7 22. Nxg6 fxg6 23. Rxg6 Rf6 24. Qg3 Rxg6 25. Qxg6 Rf8 26. f3 e5
27. Qe4 Rf4 28. Qxe5 Qxe5 29. dxe5 Rd4 30. Re1 Kf7 31. Kf2 Ke6 32. g3 Rd2+ 33.
Re2 Rxe2+ 34. Kxe2 Kxe5 35. f4+ Kf5 36. Ke3 b5 37. g4+ Kf6 38. b4 a6 39. a3 g6
40. Ke4 Ke6 41. f5+ Kf6 42. Kf4 g5+ 43. Ke4 Ke7 44. Ke5 Kd7 45. f6 Kd8 46. Kf5
Ke8 47. Kg6 Kf8 48. Kxh6 Kf7 49. Kxg5 a5 50. bxa5 c5 51. a6 c4 52. a7 c3 53.
a8=Q c2 54. Qd5+ Kf8 55. Qc5+ Kg8 56. Qxc2 Kh8 57. Qc8+ Kh7 58. Qc7+ Kh8 59.
Qg7# 1-0